000 agm a22 a 4500
999 _c490499
_d490499
003 BLK
005 20230419141753.0
007 mc ba akaadaaaac
008 181012b bu ||||| |||| 00| 0zbu d
020 _a9787887465665
040 _aBLK
041 _aENG
_aCHI
_cENG
080 _aЕксплоатация на железопътния транспорт (Вж и 625.1 ; 629.4)
_b656.2
_x(510)
_z656.2(510)
139 _aChina at high speed
_bC 52
245 _aChina at high speed
_b[DVD]
257 _aKIT
260 _aBeijing
_bChina Intercontinental Press
_cs. a.
_9487381
300 _a3 DVD, 3 ep.x45 min.
_c12 см
380 _a62
650 7 _9150914
_aВлакове
650 0 _9343445
_aЖелезопътен транспорт
651 7 _9179033
_aКитай
856 _i0.00
_ldisable
942 _cCDD
_2udc
_n0
_s1
944 _aCR
_c2023-04-18
_knr
999 _d490498
999 _d490496
999 _d490464
999 _d490463
999 _d490462
999 _d490461
999 _d490460
999 _d490460